Articulation and phonology in speech sound disorders (Registro nro. 310604)

Detalles MARC
000 -ENCABEZADO
Número de control [NR] 01936cam a2200421 i 4500
001 - NÚMERO DE CONTROL
control field ocn894626467
003 - IDENTIFICADOR DE CONTROL NÚMERO
control field Co-BoUCM
005 - FECHA Y HORA DE LA ÚLTIMA TRANSACCIÓN
control field 20181004082444.0
008 - DE LONGITUD FIJA DE DATOS DE ELEMENTOS - INFORMACIÓN GENERAL
Elementos de longitud fija [NR] 141105s2016 maua b 001 0 eng
010 ## - NUMERO DE CONTROL DE LA BIBLIOTECA DEL CONGRESO (LC) [NR]
Número de control LC [NR] 2014043309
016 7# - NUMERO DE CONTROL DE AGENCIA BIBLIOGRAFICA NACIONAL [R]
Número de control [NR] 101645296
Fuente [NR] DNLM
020 ## - NUMERO INTERNACIONAL NORMALIZADO PARA LIBROS [R]
Número Internacional Normalizado del libro [NR] 9780133810370 (5a.Ed.)
020 ## - NUMERO INTERNACIONAL NORMALIZADO PARA LIBROS [R]
ISBN Cancelado/ Invalidado [R] 0133810372
020 ## - NUMERO INTERNACIONAL NORMALIZADO PARA LIBROS [R]
ISBN Cancelado/ Invalidado [R] 9780133948912
020 ## - NUMERO INTERNACIONAL NORMALIZADO PARA LIBROS [R]
ISBN Cancelado/ Invalidado [R] 0133948919
020 ## - NUMERO INTERNACIONAL NORMALIZADO PARA LIBROS [R]
ISBN Cancelado/ Invalidado [R] 9780134092621
020 ## - NUMERO INTERNACIONAL NORMALIZADO PARA LIBROS [R]
ISBN Cancelado/ Invalidado [R] 0134092627
020 ## - NUMERO INTERNACIONAL NORMALIZADO PARA LIBROS [R]
ISBN Cancelado/ Invalidado [R] 9780134041926
020 ## - NUMERO INTERNACIONAL NORMALIZADO PARA LIBROS [R]
ISBN Cancelado/ Invalidado [R] 0134041925
035 ## - NUMERO DE CONTROL DEL SISTEMA [R]
Número de control del sistema [NR] (OCoLC)894626467
040 ## - FUENTE DE CATALOGACION [NR]
Agencia de catalogación original [NR] Co-BoUCM
Idioma de catalogación [NR] spa
Quien Cataloga Saul Niño
Quien Clasifica Saul Niño
041 0# - CODIGO DE IDIOMA [R]
Código de idioma para texto/pista de sonido o título separado [R] Inglés
060 10 - SIGNATURA TOPOGRAFICA DE LA BIBLIOTECA NACIONAL DE MEDICINA (NLM) [R]
Número clasificador [R] WL 340.2
100 1# - ASIENTO PRINCIPAL--NOMBRE PERSONAL [NR]
Nombre personal [NR] Bauman-Waengler, Jacqueline Ann
ID Autoridad 93885
245 10 - MENCION DE TITULO [NR]
Título [NR] Articulation and phonology in speech sound disorders
Parte restante del título [NR] a clinical focus
Mención de responsabilidad, etc. [NR] Jacqueline Bauman-Waengler, Speech-Language Specialist, Pleasant Valley School District, Camarillo, California
250 ## - MENCION DE EDICION [NR]
Mención de edición [NR] Quinta edición
260 ## - PUBLICACION, DISTRIBUCION, ETC. (PIE DE IMPRENTA) [R]
Lugar de publicación, distribución, etc. [R] Boston
Nombre del editor, distribuidor, etc. [R] Pearson
Fecha de publicación, distribución, etc. [R] 2016
300 ## - DESCRIPCION FISICA [R]
Extensión [R] xvii, 430 páginas
Otros detalles físicos [NR] ilustraciones
505 0# - NOTA DE CONTENIDO CON FORMATO PREESTABLECIDO [R]
Nota de contenido con formato preestablecido [NR] Clinical framework : basic terms and concepts -- Phonetics-articulatory phonetics : speech sound form -- Phonetic transcription and diacritics -- Theoretical considerations and practical applications -- Normal phonological development -- Assessment : appraisal-collection of data -- Diagnosis : articulation- versus phonemic-based speech sound disorders -- Dialects and English as a second language -- Therapy for articulation-based speech sound disorders -- Treatment of phonemic-based speech sound disorders -- Speech sound disorders in selected populations.
546 ## - NOTA DE IDIOMA [R]
Nota de idioma [NR] Texto en inglés
650 #7 - ASIENTO SECUNDARIO DE MATERIA - TERMINO TEMATICO [R]
Término temático o nombre geográfico como elemento de entrada [NR] Trastornos de la pronunciación
9 (RLIN) 25764
650 #7 - ASIENTO SECUNDARIO DE MATERIA - TERMINO TEMATICO [R]
Término temático o nombre geográfico como elemento de entrada [NR] Trastornos de la comunicación
9 (RLIN) 25753
650 #7 - ASIENTO SECUNDARIO DE MATERIA - TERMINO TEMATICO [R]
Término temático o nombre geográfico como elemento de entrada [NR] Trastornos del lenguaje
9 (RLIN) 414
650 #7 - ASIENTO SECUNDARIO DE MATERIA - TERMINO TEMATICO [R]
Término temático o nombre geográfico como elemento de entrada [NR] Fonética
9 (RLIN) 16026
765 ## - ASIENTO DE IDIOMA ORIGINAL [R]
Título [NR] Articulatory and phonological impairments
942 ## - ELEMENTOS DE ENTRADA AGREGADOS (KOHA)
Sistema de clasificación NLM
Tema principal Medicina
Tipo de ítem principal el descrito en 300a Libro
Edición 5
Clasificación WL 340.2
Parte restante de la signatura top. B347a
Existencias
Fecha de último préstamo Total préstamos Total Renewals Signatura topográfica Código de barras Última vez visto Volúmen / Fascículo Ejemplar Costo de reposición Price effective from Tipo de ítem Perdido Sistema de clasificación Dañado No prestable Tipo de ítem específico Suprimido Ubicación habitual Ubicación actual Localización Fecha de creación Proveedor Forma de adquisición Costo
03/04/2024 7 9 WL 340.2 B347a 100158140 11/12/2025 5a.Ed. Ej.2 629390.00 28/09/2018 Libro   NLM     Libro   Quinta de Mutis Quinta de Mutis 2do piso 28/09/2018 15 Compra 629390.00
14/09/2023 10 21 WL 340.2 B347a 100158139 11/12/2025 5a.Ed. Ej.1 629390.00 28/09/2018 Libro   NLM     Libro   Quinta de Mutis Quinta de Mutis 2do piso 28/09/2018 15 Compra 629390.00